000 01315cam a22002771 4500
001 2771
003 FISKH
005 20240112164953.0
008 740813s1955 nyua 000 0 eng
010 _a 55005041
035 _a(OCoLC)977138
040 _aDLC
_cTxU-Da
_dOCoLC
_dDLC
041 1 _aeng
_hfre
042 _apremarc
050 0 0 _aHV4096.P3
_bS53
082 _a362.5
100 1 _aSimon, Boris.
245 1 0 _aAbbé Pierre and the ragpickers of Emmaus;
_ctranslated by Lucie Noel
260 _aLondon :
_bHarvill Press,
_c1955
300 _a200 pages :
_billustrations,
_c22 cm.
520 _aThe Abbé Pierre has tackled in France the problems of homeless people in a new way. First he bought a house and sheltered a few down-and-out men. Then he organized his ragpickers, combed the dust-bins and the dumps, and then the sewers, and sold the salvage. He bought land, put up huts; bought more land, till he had housed 180 families; the scheme is growing daily. He has now achieved a responsible community of workers in which the poor help the poor. This is not a sociological blueprint but a gripping human story of the lives he has saved.
600 0 0 _aPierre,
_cabbé,
_d1912-2007.
650 0 _aPoor
_zFrance
_zParis.
906 _a7
_bcbc
_coclcrpl
_du
_encip
_f19
_gy-gencatlg
942 _2ddc
_cBK
_n0
999 _c2771
_d2771